HOOLIGANS Songs - ¥$/YE TY$ - Statistics

General Stats
  • This quiz has been taken 5 times
  • The average score is 5 of 6
Answers on the Grid
Answers color-coded by a green-red scale on the quiz's grid according to % correct below.
530
BURN
CARNIVAL
F SUMN
FIELD TRIP
FOREVER ROLLING
FRIED
LIKE THAT (REMIX)
MY SOUL
PAID
RIVER
STARS
TALKING
TIME MOVING SLOW
 
Answer Stats
Answer % Correct
CARNIVAL
100%
FRIED
100%
LIKE THAT (REMIX)
100%
TIME MOVING SLOW
100%
STARS
75%
RIVER
25%
No matching quizzes found
Score Distribution
Percent of People with Each Score
Percentile by Number Answered
Your Score History
You have not taken this quiz